01129nam a2200325Ia 4500001000700000008004100007020001800048035001400066041000800080084001300088110004300101245012000144260008800264300004100352490005500393650001600448650002600464650003000490650002000520650002900540700002900569901000600598903000700604904000800611953003700619999001300656910000900669942001500678952011000693002590221003s1995 xx 000 0 spa d a92-826-9095-4 aCENDO_188 aspa aCD-01172 aCOMUNIDADES EUROPEAS.bComisión9138 0aCooperación para la ordenación del territorio europeo :bEuropa 2000+ /cComisión de las Comunidades Europeas aLuxemburgo :bOficina de Publicaciones Oficiales de las Comunidades Europeas,c1995 a247 p. : bil., map. col. ;c 30 cm aPolíticas regionales de las Comunidades Europeas 0aEUROPA9139 aPOLITICA REGIONAL979 aCOOPERACION REGIONAL9619 aTERRITORIO9620 aASPECTO DEMOGRAFICO9357 aMILLAN, Bruce,epr.9361 a2 aNO a000 d1996-02-12yMONOGRAFIAoCD-01172 c187d187 a1995 cMONOGRAFIA 00104070aCENDObCENDOd1996-02-12l0oCD-01172pCENDO_188r2022-10-05 00:00:00w2022-10-05yMONOGRAFIA